Mechanický pomaranč

Bibliographic Details
Main Author: Burgess, Anthony, 1917-1993 (Author)
Other Authors: Kořínek, Otakar, 1946-2025 (Translator)
Format: Book
Language:Slovak
English
PhysicalDescription:212 s. 21 cm
Published: Bratislava Ikar - Odeon 2016
ISBN:9788055148496
Edition:2., dopl. vyd.
Series:Odeon
Subjects:

MARC

LEADER 00000cam a2200000 a 4500
001 vtls011570061
003 SK-MaSNL
005 20260301220652.0
008 240318s2016 xo g 0 0 f slo
015 |a SNBA2016/11 
020 |a 9788055148496  |q (viaz.) 
035 |a 84466D4F-869C-416D-B2CB-F6DB84224EB6 
035 |a urn:nbn:sk:snk-amyc8v 
035 |a urn:nbn:sk:snk-am00cg2t 
040 |a SNK  |b slo  |c SNK  |e AACR2 
041 1 |a slo  |h eng 
044 |a xo  |c SK 
072 7 |a 821.111-3  |x Anglická próza, anglicky písaná  |2 konspekt 
080 |a 821.111-31  |2 2011 
080 |a (0:82-311.4)  |2 2011 
100 1 |a Burgess, Anthony,  |d 1917-1993  |4 aut  |9 124584 
240 1 2 |a A Clockwork Orange  |l Slovensky 
245 1 0 |a Mechanický pomaranč  |c Anthony Burgess ; [z anglického originálu] preložil Otakar Kořínek 
250 |a 2., dopl. vyd. 
260 |a Bratislava  |b Ikar - Odeon  |c 2016 
300 |a 212 s.  |c 21 cm 
490 1 |a Odeon 
500 |a V tiráži uvedený orig. názov s členom "The": The Clockwork Orange 
504 |a Slov. 
655 7 |a anglické romány  |2 SNKPH  |9 70428 
655 7 |a English fiction  |2 SNKPHeng  |9 109944 
655 7 |a spoločenské romány  |2 SNKPH  |9 70538 
700 1 |a Kořínek, Otakar,  |d 1946-2025  |4 trl  |9 21456 
830 0 |a Odeon  |9 304247 
852 |a Štátna vedecká knižnica v Banskej Bystrici 
919 |a 978-80-551-4849-6 
958 |a LX 
958 |a UP 
968 |b ENG 
999 |c 932721  |d 934651 
952 |a SNK  |b SNK  |y PREZ  |7 0  |p 17A1214256  |o snkSC 171247  |i snk2016/21489  |8 0  |0 0  |1 0  |4 0  |d 2016-09-14  |f 1  |l 0  |r 2025-09-08 00:00:00  |w 2026-02-24 
952 |a SNK  |b SNK  |y PREZ  |7 0  |p 17A1218623  |o snkSC 171247 D1  |i snk2016/27334  |8 0  |0 0  |1 0  |4 0  |d 2016-11-25  |l 0  |r 2026-02-24 08:53:54  |w 2026-02-24